Predpoklady platnosti organizačného poriadku spoločného obecného úradu

Spoločný obecný úrad ako jedna z možností decentralizácie miestnej štátnej správy. Organizáciu spoločného obecného úradu upravuje organizačný poriadok, ktorý je vnútorný normatívny akt a a musí rešpektovať právny poriadok. Aspekt schvaľovania organizačného poriadku. Vonkajšie organizačné vzťahy spol...

ver descrição completa

Na minha lista:
Detalhes bibliográficos
Autor principal: Hrtánek, Ladislav
Formato: Capítulo de Livro
Idioma:eslovaco
Assuntos:
Tags: Adicionar Tag
Sem tags, seja o primeiro a adicionar uma tag!

MARC

LEADER 00000naa a2200000 4500
001 0274607
005 20241022132905.5
041 0 |a slo 
044 |a SK 
245 1 0 |a Predpoklady platnosti organizačného poriadku spoločného obecného úradu  |c Ladislav Hrtánek 
520 |a Spoločný obecný úrad ako jedna z možností decentralizácie miestnej štátnej správy. Organizáciu spoločného obecného úradu upravuje organizačný poriadok, ktorý je vnútorný normatívny akt a a musí rešpektovať právny poriadok. Aspekt schvaľovania organizačného poriadku. Vonkajšie organizačné vzťahy spoločného obecného úradu. Príklady. 
610 2 0 |a správa štátna 
610 2 0 |a poriadok organizačný 
610 2 0 |a obce 
610 2 0 |a úrady obecné 
610 2 0 |a decentralizácia 
100 1 |a Hrtánek, Ladislav